000 00813cam a2200253 a 4500
001 248
003 BR-CuiBMT
005 20231028212422.0
008 230913s2016 mgb 000 0 por d
020 _a97845001737
040 _aBR-CuiBMT
_cBR-CuiBMT
080 _22007
_a347.965
090 _a347.965
_bA244
245 0 0 _aAdvocacia pública e o novo código de processo civil /
_cAlzemeri Martins Ribeiro de Britto, Rodrigo Otávio Barioni, coordenadores.
260 _aBelo Horizonte :
_bFórum,
_c2016.
300 _a407 p. ;
_c24 cm
504 _aInclui bibliografia.
650 _aAdvocacia pública
650 _aDireito público
650 _aDireito processual civil
700 1 _aBritto, Alzemeri Martins Ribeiro de
_4coord.
700 1 _aBariori, Rodrigo Otávio,
_d1972-
_4coord.
942 _2udc
_cLV
999 _c248
_d248